बाल कहानियाँ का गुलदस्ताः (Record no. 215279)

MARC details
000 -LEADER
fixed length control field 00948nam a22001697a 4500
005 - DATE AND TIME OF LATEST TRANSACTION
control field 20260301160739.0
010 ## - LCCN (DPL NO)
LC control number BACCHHN26
020 ## - INTERNATIONAL STANDARD BOOK NUMBER
International Standard Book Number 9789363065314
Terms of availability 275.00
037 ## - SOURCE OF ACQUISITION
Source of stock number/acquisition लिटिल बर्ड पब्लिकेशन्स
082 ## - DEWEY DECIMAL CLASSIFICATION NUMBER
Classification number
Item number 1
100 ## - MAIN ENTRY--PERSONAL NAME
Personal name प्रकाश मनु
245 ## - TITLE STATEMENT
Title बाल कहानियाँ का गुलदस्ताः
Remainder of title बच्चों को रिझाने वाली मनमोहक कहानियाँ /
Statement of responsibility, etc प्रकाश मनु
260 ## - PUBLICATION, DISTRIBUTION, ETC. (IMPRINT)
Place of publication, distribution, etc नई दिल्ली
Name of publisher, distributor, etc लिटिल बर्ड पब्लिकेशन्स
Date of publication, distribution, etc 2026
270 ## - ADDRESS
Address 4637/20, शॉप न. -एफ-5 , प्रथम तल, हरि सदन , अंसारी रोड , दरियागंज
City नई दिल्ली
Postal code 110002
300 ## - PHYSICAL DESCRIPTION
Extent 152पृ.
Dimensions 23 सेमी (अजिल्द)
942 ## - ADDED ENTRY ELEMENTS (KOHA)
Source of classification or shelving scheme Dewey Decimal Classification
Item type Children Books
Classification part
Call number suffix प्रकाश

No items available.


© Delhi Public Library
Hit Counter
free hit counter